El muro del bloqueo: ¿demolición o desmoronamiento?: Cuba versus Estados Unidos y la cuestión de la democracia /
Shranjeno v:
| Glavni avtor: | |
|---|---|
| Format: | Texto |
| Oznake: |
Označite
Brez oznak, prvi označite!
|
MARC
| LEADER | 00000 a a2200000 04500 | ||
|---|---|---|---|
| 001 | 10919 | ||
| 003 | |||
| 040 | |||
| 100 | |a Hernández, Rafael | ||
| 245 | |a El muro del bloqueo: |b ¿demolición o desmoronamiento?: Cuba versus Estados Unidos y la cuestión de la democracia / |c Rafael Hernández | ||
| 773 | |g número 216; páginas 150-167 | ||
| 999 | |c 39493 |d 39493 | ||
